Ilmu teruji

Bibliographic Details
Main Author: Wan Nan Wan Mahmud
Format: Book
Published: Selangor : Pustaka Mawar , 2004
Series:Siri cerita klasik nirwana
Subjects:

MARC

LEADER 00000cam a2200000 7i4500
001 0000003792
005 20151222.0
008 070720
020 |a 9838753688(siri) 
020 |a 9838753750 
090 0 0 |a JF   |b CT MAL (4645) 
100 0 |a Wan Nan Wan Mahmud 
245 1 0 |a Ilmu teruji   |c Wan Nan Wan Mahmud 
260 |a Selangor :   |b Pustaka Mawar ,   |c 2004 
440 |a Siri cerita klasik nirwana 
500 |a Children ages 7-9 years old (orange) 
650 0 |a Malay language   |x Readers   |x Fiction 
999 |a 0000971272   |b Book   |c Children Collection   |e Perbadanan Perpustakaan Awam Johor 
999 |a 0000971273   |b Book   |c Children Collection   |e Perbadanan Perpustakaan Awam Johor 
999 |a 0000971275   |b Book   |c Children Collection   |e Cawangan Mersing 
999 |a 0000971276   |b Book   |c Children Collection   |e Cawangan Kota Tinggi